People of the book : (Record no. 242)

MARC details
000 -LEADER
fixed length control field 01092cam a2200265 a 4500
005 - DATE AND TIME OF LATEST TRANSACTION
control field 20260322212012.0
008 - FIXED-LENGTH DATA ELEMENTS--GENERAL INFORMATION
fixed length control field data
010 ## - LIBRARY OF CONGRESS CONTROL NUMBER
LC control number 2007018082
020 ## - INTERNATIONAL STANDARD BOOK NUMBER
International Standard Book Number 9780670018215
020 ## - INTERNATIONAL STANDARD BOOK NUMBER
International Standard Book Number 067001821X
040 ## - CATALOGING SOURCE
Original cataloging agency DLC
Transcribing agency DLC
Modifying agency VP@
-- BAKER
-- YDXCP
-- UPZ
-- ZS3
-- C#P
-- VP@
050 00 - LIBRARY OF CONGRESS CALL NUMBER
Classification number PR9619.3.B7153
Item number P46 2008
082 00 - DEWEY DECIMAL CLASSIFICATION NUMBER
Classification number 823/.914
Edition information 22
099 ## - LOCAL FREE-TEXT CALL NUMBER (OCLC)
Classification number BROOK G
001 - CONTROL NUMBER
control field data
100 1# - MAIN ENTRY--PERSONAL NAME
Personal name Brooks, Geraldine.
245 10 - TITLE STATEMENT
Title People of the book :
Remainder of title a novel /
Statement of responsibility, etc. Geraldine Brooks.
260 ## - PUBLICATION, DISTRIBUTION, ETC.
Place of publication, distribution, etc. New York, N.Y. :
Name of publisher, distributor, etc. Viking,
Date of publication, distribution, etc. 2008.
300 ## - PHYSICAL DESCRIPTION
Extent 372 p. :
Other physical details map ;
Dimensions 25 cm.
500 ## - GENERAL NOTE
General note Map on lining papers.
520 ## - SUMMARY, ETC.
Summary, etc. In 1996, Hanna Heath, a young Australian book conservator is called to analyze the famed Sarajevo Haggadah, a priceless six-hundred-year-old Jewish prayer book that has been salvaged from a destroyed Bosnian library. When Hanna discovers a series of artifacts in the centuries' old, she unwittingly exposes an international cover up.
650 #0 - SUBJECT ADDED ENTRY--TOPICAL TERM
Topical term or geographic name entry element Judaism
General subdivision Manuscripts
Form subdivision Fiction.
650 #0 - SUBJECT ADDED ENTRY--TOPICAL TERM
Topical term or geographic name entry element Manuscripts, Hebrew
Form subdivision Fiction.
650 #0 - SUBJECT ADDED ENTRY--TOPICAL TERM
Topical term or geographic name entry element Books
General subdivision Conservation and restoration
Form subdivision Fiction.
Holdings
Withdrawn status Lost status Damaged status Not for loan Home library Current library Shelving location Date acquired Total checkouts Full call number Barcode Date last seen Price effective from Koha item type
        Centerville Centerville General stacks 22/03/2026   823/.914 22 BC0010250 22/03/2026 22/03/2026 Books